Score 0/101 Timer 20:00
0 Plays Today
Question Answer % Correct
Who is the main character?Harry Potter
99.3%
Who is the villain in Harry Potter?Voldemort
96.9%
How many horcruxes are there?7
96.3%
What position does Harry play in quidditch?Seeker
95.9%
What is Hermione's cat/kneezle's name?Crookshanks
92%
Who opened the Chamber of Secrets in book 2?Ginny Weasley
90%
Who is Harry's best friend? (boy)Ron Weasley
88.8%
Who is Harry's best friend? (girl)Hermione Granger
88%
Who is the potions' master in book 6?Horace Slughorn
87.3%
How do Harry and Ron get to school in their second year?Flying Car
84.8%
What color are Harry's eyes?Green
84.4%
Who/what killed Snape?Nagini
83.8%
What is the name of Voldemort's snake?Nagini
83.8%
What is the name of Bill Weasley's wife?Fleur Delacour
82.9%
Who did Cho Chang go to the Yule Ball with?Cedric Diggory
82.9%
Who killed Dumbledore?Severus Snape
82.8%
Who is the Hogwarts caretaker?Argus Filch
82.3%
Who did Hermione go to the Yule Ball with?Viktor Krum
82.3%
Who likes taking pictures at Hogwarts?Colin Creevey
82.1%
Who is the DADA teacher in the second book?Gilderoy Lockhart
81.9%
What is the name of Dumbledore's bird?Fawkes
80.5%
In what book does Harry have a hearing?Order of The Phoenix
80.2%
What teacher gave Harry chocolate on the train?Remus Lupin
80%
Who killed Bellatrix Lestrange?Molly Weasley
80%
Who was the High Inquisitor of Hogwarts?Dolores Umbridge
79.8%
What is Voldemort's full name?Tom Marvolo Riddle
79.8%
Who did Harry got to the Yule Ball with?Parvati Patil
79.5%
Who turned Draco Malfoy into a ferret?Mad-Eye Moody
79.4%
Who was Mad-Eye Moody's imposter?Barty Crouch Jr.
78.9%
In the first book, where did Dudley go for his birthday?The zoo
78.9%
What is the summoning spell?Accio
78.8%
Who killed Sirius Black?Bellatrix Lestrange
78.4%
What teacher did Umbridge try to fire?Sybill Trelawney
77.9%
What animal does Hagrid find dead in the forest?Unicorn
77.9%
Question Answer % Correct
What is the name of Hagrid's dog?Fang
77.9%
Who blocked the wall to Platform 9 3/4?Dobby
77.8%
What did Harry give Dobby to set him free?A sock
77.8%
What is Cedric's fathers' first name?Amos
77.6%
What is an offensive term to a muggle-born witch/wizard?Mudblood
77.5%
Who was Severus Snape in love with?Lily Evans
77.3%
What is Filch?Squib
76.7%
What does Neville teach when he is older?Herbology
76.7%
What creatures guard Azkaban?Dementors
76.5%
What is the name of Hagrid's spider?Aragog
76%
Who kills Nagini?Neville Longbottom
76%
What character loses her shoes all the time?Luna Lovegood
75.9%
Where is Bill and Fleur's wedding held?The Burrow
75.8%
What road do the Dursley's live on?Privet Drive
74.3%
What type of bird is Fawkes?Phoenix
74.3%
What is Hermione's middle name?Jean
73.8%
What is Harry's signature spell?Expelliarmus
73.8%
What is Ron's owls' name?Pigwidgeon
73.5%
Who is the Dursley's neighbor that keeps and eye on Harry?Arabella Figg
73.5%
What is the name of the centaur that teaches Divination? Firenze
73.1%
Who is the Charms teacher?Filius Flitwick
73.1%
What is the name for a witch/wizard that can change into an animal?Animagus
72.5%
Who is the Headmaster of Durmstrang?Igor Karkaroff
72.5%
Who are the Weasley twins best friend?Lee Jordan
72.3%
What is the first type of broom Harry gets?Nimbus 2000
71.9%
What is Ron's middle name?Bilius
71.8%
What is the dangerous tree on Hogwarts grounds?Whomping Willow
71.8%
Who fills in for Hagrid in the Care of Magical Creatures class?Wilhelmina Grubbly-Plank
71.5%
Who attempts to smuggle Harry a love potion?Romilda Vane
71.4%
Whose animgus is a beetle?Rita Skeeter
71.4%
Where does Harry have to go to listen to the golden egg?Prefects' Bathroom
70.9%
What attacks Harry and Dumbledore while trying to get the locket?Inferi
70.3%
What is the Killing Curse?Avada Kedavra
70.1%
What is the name of the luck potion?Felix Felicis
70%
Question Answer % Correct
Who are Draco Malfoys side kicks?Crabbe and Goyle
69.9%
Who does George Weasley marry? Angelina Johnson
69.5%
What does Hermione get attacked by in the girls bathroom? A Troll
69.3%
Who was Hagrid in love with?Olympe Maxime
69.1%
Who guards Gryffindor tower?Fat Lady
68.9%
What is the name of Ginny's Pygmy Puff?Arnold
68.7%
Who is the Smith's house elf?Hokey
68.3%
What evil wizard did Dumbledore defeat in 1945?Gellert Grindelwald
67.1%
What device did Dumbledore give Ron?Deluminator
66.7%
What is the dangerous alley off of Diagon Alley?Knockturn Alley
66.7%
What dragon does Harry face in the Triwizard Tournament?Hungarian Horntail
66.5%
What is surname of the Three Brothers?Peverell
65.8%
What does the snitch say when Harry puts his lips against it?I open at the close
65.6%
Where do Bill and Fleur live?Shell Cottage
65.2%
What Half-Blood Prince spell does Harry use on Malfoy?Sectumsempra
65%
Who kills Cedric Diggory?Wormtail
64.3%
Where is the Slytherin common room?Dungeons
63.1%
What is Hagrid's wand?A pink umbrella
63.1%
What lady turns into a snake?Bathilda Bagshot
62.7%
Where does Cedric die?Little Hangleton Graveyard
62%
Where is the Shrieking Shack?Hogsmeade
60.3%
What vault is the Sorcerer's Stone kept in?713
59.8%
What plant do they learn about in Herboloy in the second year?Mandrakes
59.1%
What is the book store in Diagon Alley?Flourish and Blotts
58.6%
What did Neville's grandmother give him?Remembrall
58.4%
What is Dumbledore's full name?Albus Percival Wulfric Brian Dumbledore
57.2%
Who does Draco Malfoy marry?Astoria Greengrass
54.9%
What are the only spells that Gilderoy Lockhart is good at?Memory Charms
53.7%
Where does Uncle Vernon work?Grunnings
51.9%
What are the Gryffindor house colors?Scarlett and Gold
49.8%
Who were the four creators of the Marauders Map?Moony, Wormtail, Padfoot, and Prongs
47.6%
What floor is off limits in Hogwarts?Third floor
43.9%
Who are Molly Weasley's brothers'?Gideon and Fabian Prewett
43.1%
Remove Ads.
Support Sporcle.
Get the best of Sporcle when you Go Orange. This ad-free experience offers more features, more stats, and more fun while also helping to support Sporcle. Thank you for becoming a member.

You're not logged in!

Compare scores with friends on all Sporcle quizzes.
OR
Log In

Show Comments

Extras

Created Oct 17, 2013ReportNominate
Tags:Harry Potter Quiz

Top Quizzes Today


Score Distribution

Your Account Isn't Verified!

In order to create a playlist on Sporcle, you need to verify the email address you used during registration. Go to your Sporcle Settings to finish the process.

Report this User

Report this user for behavior that violates our Community Guidelines.

Details: